000 00824nmc a2200289 a 4500
003 AR-BaBNM
005 20251128210817.0
008 221020s1998 ||||||||||||||000 | spa||
020 _a950-534-540-2
040 _cAR-BaBNM
100 1 _aMaiztegui, Alberto P.
245 1 0 _aEl umbral de la relatividad
260 _aBuenos Aires
_bA-Z editora
_c1998
300 0 _a109 p.
_bil., tablas
490 0 _aTemas y problemas. Polimodal
504 _aContiene bibliografía recomendada
600 1 4 _aMichelson, Albert A.
600 1 4 _aMorley, Edward W.
650 4 _aENSENANZA DE LA FISICA
650 4 _aRELATIVIDAD
653 0 _aENSENANZA DE LAS CIENCIAS NATURALES
653 0 _aEDUCACION POLIMODAL
653 0 _aCONOCIMIENTO CIENTIFICO
653 0 _aTEORIA DE LA RELATIVIDAD
942 _cBK
998 _cRaquel
999 _c17019
_d17019